000 00262nam a22001097a 4500
008 170123b xxu||||| |||| 00| 0 eng d
020 _a9780071489942
041 _aeng
080 _a618.2
245 _aNURSING SPECTRUM DRUG HANDBOOK
_cSCHULL, P.S
942 _2udc
_cBK
999 _c3365
_d3365